Booba: feat - Statistiques

Statistiques générales
  • Ce quiz a été pris 377 fois
  • Le résultat moyen est 11 sur 15
Answers on the Grid
Answers color-coded by a green-red scale on the quiz's grid according to % correct below.
Allie
Jul
Nessbeal
Kaaris
Nekfeu
Alpha wann
Lacrim
Dosseh
Damso
Freeze corleone
Gradur
Maes
SCH
Laylow
ZKR
Benash
Soso Maness
La Mano
Jrk19
Niska
Rim'k
Lafouine
Oxmo Puccino
Fave
SDM
Zola
PNL
Gazo
Tiakola
Kalash
 
Statistiques - réponses
Réponse % Correct
Kaaris
92%
Maes
86%
Damso
83%
SDM
80%
Niska
78%
Benash
76%
Lacrim
74%
Dosseh
73%
Kalash
73%
Nessbeal
69%
Lafouine
63%
Gradur
62%
Oxmo Puccino
54%
Rim'k
54%
Allie
53%
Aucun quiz correspondant
Distribution des résultats
% des personnes avec chaque résultat
Percentile par nombre de réponses
Votre historique - résultats
Vous n’avez pas pris ce quiz